| 000 | 00989nac a22002411u 4500 | ||
|---|---|---|---|
| 010 | _a 2006345281 | ||
| 020 | _a9780195676426 | ||
| 020 | _a0195676424 | ||
| 082 |
_a332.63228 _bSo51 |
||
| 090 |
_c2129 _d2129 |
||
| 100 | _aSom, Lalita S. | ||
| 245 | 1 | 0 |
_aStock market capitalization and corporate governanace in India / _cLalita S. Som. |
| 260 |
_aNew Delhi : _bOxford University Press,2006 _c2006. |
||
| 300 |
_axxvii, 247 p. : _bill. ; _c23 cm. |
||
| 504 | _aIncludes bibliographical references (p. [223]-237) and index. | ||
| 650 | 0 |
_aCorporate governance _zIndia. |
|
| 650 | 0 |
_aStock exchanges _zIndia. |
|
| 650 | 0 |
_aCapital market _zIndia. |
|
| 650 | 0 |
_aCorporations _zIndia _xFinance. |
|
| 856 | 4 | 2 |
_3Publisher description _uhttp://www.loc.gov/catdir/enhancements/fy0638/2006345281-d.html |
| 942 |
_cBB _k332.63228So51 |
||
| 999 |
_c2129 _d2129 |
||